International economics

Saved in:
Bibliografiske detaljer
Hovedforfatter: PUGEL, Thomas A.
Format: Bog
Sprog:engelsk
Udgivet: McGraw Hill Educaton 2020
Tags: Tilføj Tag
Ingen Tags, Vær først til at tagge denne postø!

MARC

LEADER 00000nam a22000007a 4500
008 230105b |||||||| |||| 00| 0 eng d
100 |a PUGEL, Thomas A. 
245 |a International economics  |c Thomas A. Rugel  |g xxviii, 766p;ill 
250 |b 17th 
260 |b McGraw Hill Educaton  |c 2020  |h New York  |i 699701  |i 699702  |l HF1411.P96  |m International economics relations  |m Commercial policy   |m Foreign exchange 
500 |a it includes references and index 
942 |a lcc  |c BK  |e Johnson  |f 05/01/23 
952 |0 0  |1 0  |2 lcc  |4 0  |6 HF1411 P96  |7 0  |9 4081  |a SSL  |b HOL  |c GJ  |d 2023-01-05  |l 0  |o HF1411.P96  |p 2023-0015  |r 2023-01-05 00:00:00  |t 699701  |w 2023-01-05  |y BK 
952 |0 0  |1 0  |2 lcc  |4 0  |6 HF1411 P96  |7 0  |9 4082  |a HOL  |b HOL  |c GJ  |d 2023-01-05  |l 0  |o HF1411.P96  |p 2023-0016  |r 2023-01-05 00:00:00  |t 699702  |w 2023-01-05  |y BK 
999 |c 2049  |d 2049